000 00489nam a2200181Ia 4500
008 151213s9999 xx 000 0 und d
020 _a81-7534-031-2
082 _a340
_b340
100 _aP.C. Rao, William Shefrield
245 _aAlternative Despite Resolution
_cP.C. Rao, William Shefrield
250 _a1st
260 _aNew Delhi
_bUniversal Law Publishing
_c1997
300 _a6563 p.
650 _aLaw
650 _aLaw
700 _aP.C. Rao, William Shefrield
999 _c3645
_d3645